Obras selectas (Registro nro. 40232)

Detalles MARC
001 - NÚMERO DE CONTROL
campo de control 70712
005 - FECHA Y HORA DE LA ÚLTIMA TRANSACCIÓN
campo de control 20260504074625.0
008 - DATOS DE LONGITUD FIJA--INFORMACIÓN GENERAL
campo de control de longitud fija 960313s1988 spa
035 ## - NÚMERO DE CONTROL DEL SISTEMA
Número de control de sistema 70712
035 ## - NÚMERO DE CONTROL DEL SISTEMA
Número de control de sistema (OCoLC)778199316
040 ## - FUENTE DE LA CATALOGACIÓN
Centro/agencia transcriptor comduadb
041 ## - CÓDIGO DE LENGUA
Código de lengua del texto/banda sonora o título independiente spa
082 #4 - NÚMERO DE LA CLASIFICACIÓN DECIMAL DEWEY
Número de clasificación 410
100 10 - ENTRADA PRINCIPAL--NOMBRE DE PERSONA
Nombre de persona Jacobson, Román
Código de función aut
Término indicativo de función/relación Autor/a
9 (RLIN) 470661
245 10 - MENCIÓN DE TÍTULO
Título Obras selectas
260 ## - PUBLICACIÓN, DISTRIBUCIÓN, ETC.
Lugar de publicación, distribución, etc. Barcelona :
Nombre del editor, distribuidor, etc. Editorial Gredos,
Fecha de publicación, distribución, etc. 1988.
300 ## - DESCRIPCIÓN FÍSICA
Extensión volumen.
650 #7 - PUNTO DE ACCESO ADICIONAL DE MATERIA--TÉRMINO DE MATERIA
Término de materia o nombre geográfico como elemento de entrada Lingüística
Fuente del encabezamiento o término lemb
9 (RLIN) 6919
942 ## - ELEMENTOS DE ENTRADA AGREGADA (KOHA)
Tipo de ítem Koha Libros
Existencias
Estado de retiro Estado de pérdida Estado dañado No para préstamo Código de colección Localización permanente Ubicación/localización actual Fecha de adquisición Número de inventario Total de préstamos Signatura topográfica completa Código de barras Fecha visto por última vez Número de copia Precio válido a partir de Tipo de ítem Koha
        Colección Semiactiva Planta Baja Biblioteca Carlos Gaviria Díaz, Campus Medellín Biblioteca Carlos Gaviria Díaz, Campus Medellín 23/08/1996 C113975   410 J25o v1 61000000621215 20/04/2023 1 20/04/2023 Libros